00460nam a2200121Ia 4500008004100000100002300041245009400064245004900158260003900207650001800246650001500264856005900279170221s9999 xx 000 0 und d aBenoit, William L. 2aA Functional Analysis of 2013 Australian Member of Parliament and Prime Minister Debates  cWilliam L. Benoit, Jennifer M. Benoit-Bryan. bStudies in Media and Communication xCommunication xMedia Arts uhttp://redfame.com/journal/index.php/smc/issue/view/45